|
|
|
|
| LEADER |
00621nab a2200169 i 4500 |
| 001 |
misc6201 |
| 005 |
20191106142408.0 |
| 008 |
170607s1933 hu o 0|| hun d |
| 040 |
|
|
|a SZTE Miscellanea Repozitórium
|b hun
|
| 041 |
|
|
|a hun
|
| 100 |
1 |
|
|a Pályi Gyula
|
| 245 |
1 |
3 |
|a Az ügyvédi képviselet kiterjesztése
|h [elektronikus dokumentum] /
|c Pályi Gyula
|
| 260 |
|
|
|c 1933
|
| 300 |
|
|
|a 430-432a
|
| 490 |
0 |
|
|a Polgári jog : a hazai és külföldi magánjog és hiteljog szemléje
|v 9
|
| 695 |
|
|
|a Ügyvédség ügyvédi képviselet
|
| 856 |
4 |
0 |
|u http://misc.bibl.u-szeged.hu/6201/1/polgari_jog_1933_430-432a.pdf
|z Dokumentum-elérés
|